00618nam a22002297a 4500001000500000005001700005020001800022040002900040050001400069082000800083100002200091245003700113260003400150300003200184505000600216520010700222521001600329521001600345650001000361650000900371650000800380206420231103102038.0 a9780545365666 aFISKHbengcFISKHdFISKH aPZ7.U6378 a156 aUrbanovic, Jackie aSitting duck /cJackie Urbanovic bScholastic,c2010aNew York : a38 unnumbred pages :c23 cm aH aMax the duck volunteers to babysit for puppy Anabel, unaware of all the mischief a puppy can get into. a500bLexile aHbRaz-Plus aPuppy aDuck aDog